000 00422pab a2200169 454500
008 180718b1998 xxu||||| |||| 00| 0 eng d
100 _aSharma, L.N.
245 _aPanchayati raj institutions (Review article)
260 _c1998
300 _ap.207-215.
362 _aApr-Jun
650 _aReview article
650 _aPanchayat
773 _aIndian Journal of Public Administration
908 _aN
909 _a38932
999 _c38932
_d38932